| 000 | 00521nam a22001457a 4500 | ||
|---|---|---|---|
| 008 | 150311b xxu||||| |||| 00| 0 eng d | ||
| 020 | _a9789996431050 | ||
| 082 |
_a779.209.2 _bG 335 m |
||
| 100 |
_aGenoveze, Tiago Lucio Miguel (autor) Cardenal MartĂnez, Ernesto (editor) _92162 |
||
| 245 | _aMiradas de Solentiname | ||
| 260 |
_aManagua _bCentro Nicaraguense de Escritores _c2014 |
||
| 300 |
_a200 p. _bill. fot. (col) _c22 cm |
||
| 650 |
_xFotografĂa-retratos _xNicaragua _92163 |
||
| 700 |
_aTiago Lucio Miguel Genoveze _92164 |
||
| 999 |
_c449 _d449 |
||